La costumbre de cultivar y moverse al norte : circuito microagrícola en el Valle de Ixtlán, Michoacán /
Estudio sobre el vínculo entre la migración hacia Estados Unidos y la agricultura en Ixtlán, Michoacán. Aunque existe una fuerte producción agrícola comercial en la región, no es suficiente para el sostenimiento económico de las familias, pero sí para que los campesinos se trasladen al vecino país d...
Uloženo v:
| Hlavní autor: | |
|---|---|
| Médium: | Kniha |
| Jazyk: | španělština |
| Vydáno: |
Zamora, México : Sahuayo, México :
El Colegio de Michoacán ; Universidad de la Ciénega,
2012, c2012
|
| Edice: | (Investigaciones del ColMich)
|
| Témata: | |
| Tagy: |
Žádné tagy, Buďte první, kdo vytvoří štítek k tomuto záznamu!
|
MARC
| LEADER | 00000nam^a2200000^a^4500 | ||
|---|---|---|---|
| 001 | 000336242 | ||
| 005 | 20250521000000.0 | ||
| 009 | 20260526140936.899 | ||
| 020 | |a 978-607-8257-14-0 | ||
| 037 | |a Acervo ITESO - Biblioteca | ||
| 041 | |a ESP | ||
| 082 | |a 304. 87307237 |b GIL | ||
| 100 | |a Gil Méndez, J. Jesús |e (autor) | ||
| 245 | 1 | 3 | |a La costumbre de cultivar y moverse al norte : |b circuito microagrícola en el Valle de Ixtlán, Michoacán / |c J.J. Gil Méndez. |
| 264 | 4 | |a Zamora, México : |b El Colegio de Michoacán ; |a Sahuayo, México : |b Universidad de la Ciénega, |c 2012, c2012 | |
| 300 | |a 300 p. | ||
| 336 | |a texto |b txt |2 rdacontenido | ||
| 337 | |a sin mediación |b n |2 rdamedio | ||
| 338 | |a volumen |b nc |2 rdasoporte | ||
| 440 | 1 | |a (Investigaciones del ColMich) | |
| 520 | |a Estudio sobre el vínculo entre la migración hacia Estados Unidos y la agricultura en Ixtlán, Michoacán. Aunque existe una fuerte producción agrícola comercial en la región, no es suficiente para el sostenimiento económico de las familias, pero sí para que los campesinos se trasladen al vecino país del norte a trabajar y envíen remesas para que se exploten sus tierras, aunque no sea rentable. | ||
| 649 | |a XX | ||
| 650 | |a Campesinos - |z Michoacán - |x Condiciones Económicas | ||
| 650 | |a Campesinos - |z Michoacán - |x Condiciones Sociales y Culturales | ||
| 650 | |a Migrantes Mexicanos - |z EUA | ||
| 650 | |a Trabajadores Indocumentados - |z EUA | ||
| 650 | |a Industria Agropecuaria - |z Ixtlán, Michoacán | ||
| 650 | |a Agricultura - |z Ixtlán, Michoacán - |x Aspectos Económicos | ||
| 650 | |a Agricultura - |z Ixtlán, Michoacán - |x Aspectos Sociales y Culturales | ||
| 650 | |a Emigración - |z Ixtlán, Michoacán - |x Aspectos Sociales y Culturales | ||
| 650 | |a Emigración - |z Ixtlán, Michoacán - |x Aspectos Económicos | ||
| 650 | |a Emigración - |z México - |x Aspectos Sociales y Culturales | ||
| 650 | |a Migración - |z Michoacán-EUA | ||
| 650 | |a Remesas de Migrantes - |z Ixtlán, Michoacán | ||
| 650 | |a Organización Social - |z Ixtlán, Michoacán | ||
| 650 | |a Desarrollo Rural - |z Ixtlán, Michoacán | ||
| 650 | |a Desarrollo Regional - |z Ixtlán, Michoacán | ||
| 650 | |a Desarrollo Económico-Social - |z Ixtlán, Michoacán | ||
| 650 | |a Economía de la Tierra - |z Ixtlán, Michoacán | ||
| 650 | |a Economía - |z Ixtlán, Michoacán | ||
| 910 | |a Fondo General | ||
| 920 | |a Impresos - Libros | ||
| 930 | |a Colección General | ||
| 905 | |a 101 | ||
| 901 | |a 0500226195 |b IT1 |c ACC |i C138336 |u 20250521 | ||
| 902 | |a https://opac.biblio.iteso.mx/vufind/Record/000336242 | ||